| Tag |
First Indicator |
Second Indicator |
Subfields |
| LEADER |
00000cam a2200000 4500 |
| 001 |
in00000058939 |
| 005 |
20151008051009.0 |
| 008 |
800418r19061877nyu 00010 eng d |
| 035 |
|
|
|a (OCoLC)06218004
|
| 035 |
|
|
|9 AAG4875AM
|
| 040 |
|
|
|a TXA
|c TXA
|d UtOrBLW
|
| 049 |
|
|
|a TXAM
|c [152074]
|
| 090 |
|
|
|a BS2440
|b .B7 1908
|
| 092 |
|
|
|a 225.9
|b B886t2
|
| 100 |
1 |
|
|a Bruce, Alexander Balmain,
|d 1831-1899.
|
| 245 |
1 |
4 |
|a The training of the twelve ;
|b or, Passages out of the Gospels, exhibiting the twelve disciples of Jesus under discipline for the apostleship /
|c by the late Alexander Balmain Bruce.
|
| 250 |
|
|
|a 2d ed.
|
| 264 |
|
1 |
|a New York :
|b George H. Doran company,
|c [1906?]
|
| 300 |
|
|
|a xii, 552 pages ;
|c 24 cm.
|
| 336 |
|
|
|a text
|b txt
|2 rdacontent
|
| 337 |
|
|
|a unmediated
|b n
|2 rdamedia
|
| 338 |
|
|
|a volume
|b nc
|2 rdacarrier
|
| 500 |
|
|
|a "Printed 1877, reprinted 1883, 1888 ... 1906."
|
| 650 |
|
0 |
|a Apostles.
|
| 999 |
|
|
|a MARS
|
| 999 |
f |
f |
|s 667dc20a-cb30-355d-97e7-5833c52f3a52
|i 31bcf696-59cc-3cb6-9a48-d36c71851a35
|t 0
|
| 952 |
f |
f |
|p ric
|a Texas A&M University
|b Rellis Campus
|c Joint Library Facility
|d Remote Storage
|t 0
|e BS2440 .B7 1908
|h Library of Congress classification
|i unmediated -- volume
|m A14800604194
|
| 998 |
f |
f |
|a BS2440 .B7 1908
|t 0
|l Remote Storage
|